| 000 | 00937nas a2200325 4500 | ||
|---|---|---|---|
| 001 | BR0602964 | ||
| 003 | BR-BrBNA | ||
| 005 | 20231205110107.0 | ||
| 007 | ta | ||
| 008 | 230509b bl.|||p| |||| 00| 00por d | ||
| 040 |
_aBR-BrBNA _bpor _cBiblioteca Nacional de Agricultura |
||
| 041 | _a(Pt) | ||
| 072 | _aL73 | ||
| 100 | 1 | _aGazeta, G.S. | |
| 100 | 1 | _aCarvalho, R.W. | |
| 100 | 1 | _aAvelar, R.F. | |
| 100 | 1 | _aAmorim, M. | |
| 100 | 1 | _aAboud-Dutra, A.E. | |
| 245 | 1 | _aOcorrência de Babesia sp em pequenos roedores no Brasil | |
| 650 | _aROEDOR | ||
| 650 | _aPROTOZOÁRIO | ||
| 650 | _aINFECÇÃO | ||
| 650 | _aCAPTURA | ||
| 650 | _aBIOQUÍMICA ANIMAL | ||
| 650 | _aHOSPEDEIRO | ||
| 650 | _aRIO DE JANEIRO | ||
| 773 | 0 |
_tArquivo Brasileiro de Medicina Veterinária e Zootecnia (Brazil) _xISSN 0102-0935 _g(Dec 2004), v. 56(6) p. 741-744 _wBR0602964 |
|
| 909 |
_a202311 _bLúcia _c55 _dLúcia Elande |
||
| 942 |
_2AGRIS _n0 _cANA |
||
| 999 |
_c186181 _d186181 |
||